Τρείς μεσοβυζαντινές εκκλησίες της Αστυπάλαιας

Saved in:
Bibliographic Details
Main Author: Κόλλιας, Ηλίας Ε.
Format: Book
Language:Greek
Published: Αθήνα : [χ.ό.], 2004.
Subjects:
Tags: Add Tag
No Tags, Be the first to tag this record!

MARC

LEADER 00000cam a2200000 i 4500
001 1/39723
008 061221s2004 gr | ||| |||| ||gre||
035 |l 10086658 
040 |a GR-MyUa  |b gre  |e AACR2  
041 0 |a gre 
082 7 |a 726.70949587   |2 (22) 
100 1 |a Κόλλιας, Ηλίας Ε. 
245 1 0 |a Τρείς μεσοβυζαντινές εκκλησίες της Αστυπάλαιας   |h [ανάτυπο] /   |c Ηλίας Ε. Κόλλιας.  
260 |a Αθήνα :   |b [χ.ό.],   |c 2004.  
300 |a [14] σ. :   |b εικ. ;   |c 29 εκ.  
500 |a Ανάτυπο απο: Θωράκιον, τόμος στη μνήμη του Παύλου Λαζαρίδη.  
504 |a Περιλαμβάνει βιβλιογραφικές παραπομπές.  
650 0 |a Church architecture  |z Greece  |z Astypalaia (Municipality) 
650 0 |a Church decoration and ornament  |z Greece  |z Astypalaia (Municipality) 
852 |a INST  |b RHODES  |e 20061221  |h 726.70949587 ΚΟΛ  |p 005400023720  |q 005400023720  |t BK  |y 0 
901 |a BIBL4-2006-3 
970 |a ΜΙΣΣΟΣ  |b ΣΤΑΥΡΟΣ  |z 2006/12/21